An English Phonetic Raeder (Record no. 438)

MARC details
000 -LEADER
fixed length control field 00293nam a2200109 4500
008 - FIXED-LENGTH DATA ELEMENTS--GENERAL INFORMATION
fixed length control field 160622b xxu||||| |||| 00| 0 eng d
100 ## - MAIN ENTRY--PERSONAL NAME
9 (RLIN) 528
Personal name Bansal, R, K
245 ## - TITLE STATEMENT
Title An English Phonetic Raeder
260 ## - PUBLICATION, DISTRIBUTION, ETC. (IMPRINT)
Place of publication, distribution, etc. Orient longman Bombay
Date of publication, distribution, etc. 1976
300 ## - PHYSICAL DESCRIPTION
Extent An English Phonetic Raeder
942 ## - ADDED ENTRY ELEMENTS (KOHA)
Source of classification or shelving scheme Dewey Decimal Classification
Koha item type BOOK
Holdings
Withdrawn status Lost status Source of classification or shelving scheme Damaged status Not for loan Home library Current library Shelving location Date acquired Total Checkouts Full call number Barcode Date last seen Date last checked out Price effective from Koha item type
    Dewey Decimal Classification     Good Samaritan School Library Good Samaritan School Library   06/22/2016 1 425 BAN518 07/30/2016 07/28/2016 06/22/2016 BOOK

Powered by Koha